| 000 | 00948cam a22002895a 4500 | ||
|---|---|---|---|
| 001 | 18231223 | ||
| 005 | 20160309153802.0 | ||
| 008 | 140716m2015 ilua frbd 001 0 eng d | ||
| 010 | _a 2014028016 | ||
| 020 | _a9780867155853 (v. 1) | ||
| 035 | _a(DNLM)101636875 | ||
| 040 |
_aDNLM/DLC _beng _cDLC _dDLC _dEG-ScBUE |
||
| 082 | 0 | 4 |
_a617.693 _bFUN _222 |
| 245 | 0 | 0 |
_aFundamentals of implant dentistry / _cedited by John Beumer III ... [et al.] |
| 260 |
_aHanover Park : _bQuintessence Publishing Co. Inc., _c2015. |
||
| 300 |
_av. <1> : _bill. (some col.) ; _c29 cm. |
||
| 500 | _aIndex : p. 431-442. | ||
| 500 | _aGlossary : p. 422-430. | ||
| 504 | _aIncludes bibliographical references. | ||
| 505 | 1 | _aV. 1. Prosthodontic principles. | |
| 650 | 7 |
_aDental implants. _2BUEsh _935980 |
|
| 650 | 0 |
_aTooth Diseases. _2BUEsh |
|
| 651 | _2BUEsh | ||
| 653 |
_bDDent _cMarch2016 |
||
| 700 | 1 |
_aBeumer, John, _cIII, _d1941- , _eeditor. |
|
| 942 | _2ddc | ||
| 999 |
_c21361 _d21333 |
||